| 000 | 00759cam a2200277Mi 4500 | ||
|---|---|---|---|
| 001 | 73433 | ||
| 005 | 20230410130522.0 | ||
| 008 | 981203s1995 fr 000 0 fre d | ||
| 035 | _a(OCoLC)ocn231647555 | ||
| 040 |
_aGEBAY _bger _cGEBAY |
||
| 020 | _a227105172X | ||
| 020 | _a9782271051721 | ||
| 020 | _a2865375315 | ||
| 020 | _a9782865375318 | ||
| 035 | _a(OCoLC)231647555 | ||
| 049 | _aGRAL | ||
| 050 | 1 | 4 |
_aPL 8010 _bR487l 1995 |
| 100 | 1 | _aRicard, Alain | |
| 245 | 1 | 0 |
_aLittératures d'Afrique noire : _bdes langues aux livres _cAlain Ricard |
| 260 |
_aParis : _bCNRS Editions [u.a.], _c1995 |
||
| 300 |
_a304 p . : _bIll. |
||
| 650 | 0 |
_aAfrican literature _xHistory and criticism. |
|
| 942 |
_2lcc _cbk |
||
| 994 |
_aC0 _bDRFGD |
||
| 946 | _aRCH | ||
| 999 |
_c75454 _d75454 |
||